Aprendiendo a pensar: texto para la enseñanza de la filosofía: tercero y cuarto años de enseñanza media
Bewaard in:
| Hoofdauteur: | |
|---|---|
| Formaat: | Boek |
| Taal: | Spaans |
| Gepubliceerd in: |
Santiago
Universidad Metropolitana de Ciencias de la Educación
1987
|
| Onderwerpen: | |
| Tags: |
Voeg label toe
Geen labels, Wees de eerste die dit record labelt!
|
MARC
| LEADER | 00000nam a2200000 a 4500 | ||
|---|---|---|---|
| 001 | UCZ2206 | ||
| 003 | CL-VaPUC | ||
| 008 | 950926e19870000CL |||||||||||||||||spa|d | ||
| 082 | 0 | 4 | |a 101 |b OSS |2 21 |
| 100 | |a Ossandón Valdés, Juan Carlos |e autor |9 468448 | ||
| 245 | 1 | 0 | |a Aprendiendo a pensar: texto para la enseñanza de la filosofía: tercero y cuarto años de enseñanza media |
| 300 | |a 308 p | ||
| 942 | |c BK | ||
| 945 | |d 19950926 00:00:00 |a cmena | ||
| 260 | |a Santiago |b Universidad Metropolitana de Ciencias de la Educación |c 1987 | ||
| 650 | 0 | |a Filosofía |9 223554 | |
| 650 | 0 | |a Textos de estudio |9 345998 | |
| 650 | 0 | |a Enseñanza de la filosofía |9 256848 | |
| 650 | 0 | |a Teoría del conocimiento |9 255038 | |
| 583 | |a last modification |c 19950926 00:00:00 |k Rodrigo Vera | ||
| 999 | |c 238849 |d 238847 | ||
| 952 | |0 0 |1 0 |4 0 |6 101_000000000000000_OSS_1987 |7 0 |8 P |9 249401 |a BIBEDU |b BIBEDU |c BIBEDU_PB |d 2019-11-18 |i 1565680 |o 101 OSS 1987 |p 1565680 |r 2024-01-25 |w 2019-11-18 |y BK |k FIL | ||
| 952 | |0 0 |1 0 |4 0 |6 101_000000000000000_OSS_1987 |7 0 |8 P |9 249402 |a BIBEDU |b BIBEDU |c BIBEDU_PB |d 2019-11-18 |i 1580809 |o 101 OSS 1987 |p 1580809 |r 2024-01-25 |w 2019-11-18 |y BK |k FIL | ||